000 00334 a2200169 4500
001 162813
020 _a85-08-06327-X
040 _cMagnum
100 _aFrança, Mary
240 1 0 _aO retrato
_lpor
245 1 0 _aO retrato
300 _a12
362 0 _a1997
440 1 _aÁtica
697 _aLITERATURA INFANTIL
942 _cBK
999 _c162813
_d162813